| 000 | 00000nas##2200000za#4500 |
| 001 | 9.501122 |
| 003 | CaOODSP |
| 005 | 20250403104651 |
| 007 | cr ||||||||||| |
| 008 | 150406c2003||||xxc|| m o||||f| |0fre|d |
| 022 | |a1707-1844 |
| 040 | |aCaOODSP|bfre |
| 043 | |an-cn--- |
| 086 | 1 |aCS13-604F-PDF |
| 245 | 00|aComptes des revenus et dépenses - série technique / |h[ressource électronique]|c[Publié par la] Division des comptes des revenus et dépenses. |
| 260 | |aOttawa - Ontario : |bStatistique Canada |c2003--. |
| 310 | |aIrrégulier |
| 362 | 1 |aN° 37 (2002)-- |
| 520 | 3 |aFournissent des renseignements d'arrière-plan ainsi que des analyses en profondeur de certaines données qui sont déclarées dans l'un ou l'autre des comptes suivants : comptes des revenus et dépenses, comptes économiques provinciaux, comptes des flux financiers, comptes du bilan national, estimations du revenu du travail, et indicateurs nationaux du tourisme. |
| 710 | 2 |aStatistique Canada. |
| 775 | 08|tIncome and expenditure accounts technical series / |w(CaOODSP)9.504709 |
| 776 | 0#|tIncome and expenditure accounts technical series / |w(CaOODSP)9.511156 |
| 776 | 0#|tComptes des revenus et dépenses série technique / |w(CaOODSP)9.511157 |
| 776 | 0#|tComptes des revenus et dépenses série technique / |w(CaOODSP)9.513449 |